[Event "Druzynowe Mistrzostwa Polski Juniorow 2019 - II Liga"]
[Site "Szczyrk"]
[Date "1899-12-30"]
[Round "1.104"]
[White "Bartlomowicz, Jakub"]
[Black "Lambrecht, Tomasz"]
[Result "0-1"]
[WhiteTitle "II+"]
[BlackTitle "II+"]
[WhiteElo "1633"]
[BlackElo "1601"]

1. e4 c6 2. d4 d5 3. e5 c5 4. dxc5 e6 5. Be3 Nc6 6. Nf3 Nge7 7. c3 Nf5 8. Bd4 Bd7
9. Bb5 Nxe5 10. Bxd7+ Nxd7 11. b4 Be7 12. O-O O-O 13. Nbd2 Qc7 14. Nb3 b6 15.
cxb6 axb6 16. Qd3 Ra3 17. Rfc1 Rc8 18. Qd2 Nd6 19. Ne5 f6 20. Nxd7 Qxd7 21. Qe2
Nc4 22. Nd2 b5 23. Nxc4 Rxc4 24. f4 Bxb4 25. Qb2 Bd6 26. Rab1 Ra8 27. Qxb5 Qxb5
28. Rxb5 Bxf4 29. Rc2 e5 30. Bf2 d4 31. g3 d3 32. Rcb2 d2 33. Rd5 Bh6 34. Kf1
Rxc3 35. Ke2 Rca3 36. Rbxd2 Bxd2 37. Kxd2 Rxa2+ 38. Ke1 Rb8 39. Rd1 Rbb2 40. Bg1
Kf7 41. g4 Rg2 42. Bc5 Rxh2 43. Rd7+ Kg6 0-1

[Event "Druzynowe Mistrzostwa Polski Juniorow 2019 - II Liga"]
[Site "Szczyrk"]
[Date "1899-12-30"]
[Round "1.105"]
[White "Kolodziejski, Piotr"]
[Black "Babiarz, Arkadiusz"]
[Result "1/2-1/2"]
[WhiteTitle "I"]
[BlackTitle "I++"]
[WhiteElo "1666"]
[BlackElo "1833"]

1. e4 c5 2. Nf3 e6 3. d4 cxd4 4. Nxd4 a6 5. Bd3 g6 6. f4 Bg7 7. Nf3 Nc6 8. c3 d6
9. Qe2 Nf6 10. O-O O-O 11. h3 Qc7 12. Be3 Nd7 13. Nbd2 Nc5 14. Bc2 b6 15. Rad1
a5 16. Qf2 Rb8 17. Nd4 Ba6 18. Rfe1 Bd3 19. Nxc6 Qxc6 20. Bxc5 Bxc2 21. Rc1 bxc5
22. Rxc2 Rfe8 23. Nc4 a4 24. e5 d5 25. Ne3 f6 26. exf6 Bxf6 27. Ng4 Bg7 28. Ne5
Qd6 29. Rd2 Rf8 30. Qe3 Bxe5 31. Qxe5 Qxe5 32. Rxe5 Rf6 33. g3 Kf7 34. c4 Rf5
35. Rxf5+ gxf5 36. cxd5 exd5 37. Kf2 Ke6 38. g4 fxg4 39. hxg4 d4 40. Kf3 Kd5 41.
g5 c4 42. f5 Ke5 43. f6 d3 44. Ke3 Kf5 45. Rf2+ Kxg5 46. f7 Rf8 47. Kd4 Kg6 48.
Kxc4 Rxf7 49. Rg2+ Kf5 50. Kxd3 Rb7 51. Kc4 h5 52. b4 axb3 53. axb3 h4 54. b4
h3 55. Rh2 Kg4 56. b5 Kg3 57. Rxh3+ Kxh3 58. Kc5 Kg4 59. Kc6 Ra7 60. b6 Ra1 61.
b7 Rb1 1/2-1/2

[Event "Druzynowe Mistrzostwa Polski Juniorow 2019 - II Liga"]
[Site "Szczyrk"]
[Date "1899-12-30"]
[Round "1.106"]
[White "Jemiola, Jeremi"]
[Black "Musin, Pawel"]
[Result "0-1"]
[WhiteTitle "III"]
[BlackTitle "II"]
[WhiteElo "1000"]
[BlackElo "1181"]

1. d4 d5 2. c4 c6 3. Nf3 Nf6 4. Nc3 Bg4 5. h3 Bh5 6. Bf4 e6 7. e3 Bb4 8. cxd5 cxd5
9. Qa4+ Nc6 10. Ne5 Bxc3+ 11. bxc3 O-O 12. Nxc6 bxc6 13. Qxc6 Rc8 14. Qa4 Rxc3
15. Bb5 Qb6 16. O-O Bg6 17. Rac1 Rfc8 18. Rxc3 Rxc3 19. Qa6 Qxa6 20. Bxa6 Ra3
21. Rc1 h6 22. Bb5 Rxa2 23. Rc8+ Kh7 24. Rc3 Ne4 25. Rc1 Nxf2 26. Rc7 Ne4 27.
Kh2 Nf6 28. Be5 a6 29. Ra7 a5 30. Bxf6 gxf6 31. Bd7 Be4 32. Bxe6 Rxg2+ 33. Kh1
Rg7+ 34. Kh2 fxe6 35. Rxg7+ Kxg7 36. Kg3 a4 0-1

[Event "Druzynowe Mistrzostwa Polski Juniorow 2019 - II Liga"]
[Site "Szczyrk"]
[Date "1899-12-30"]
[Round "1.108"]
[White "Krzanowska, Liliana"]
[Black "Krzyston, Katarzyna"]
[Result "0-1"]
[WhiteTitle "I"]
[BlackTitle "II"]
[WhiteElo "1192"]
[BlackElo "1000"]

1. Nf3 d5 2. d4 Nf6 3. c4 c6 4. cxd5 cxd5 5. Nc3 a6 6. e3 Bg4 7. Be2 e6 8. O-O
Bd6 9. Nh4 Bxe2 10. Qxe2 Nc6 11. a3 O-O 12. Re1 Re8 13. Nf3 Be7 14. b4 Rc8 15.
Bb2 Nd7 16. Rac1 Bd6 17. e4 Bf4 18. Rc2 Qf6 19. e5 Qg6 20. Nh4 Qh6 21. g3 Nxd4
22. Qd3 Nxc2 23. Qxc2 Bxe5 24. Nf3 Bxc3 25. Bxc3 Qh5 26. Kg2 Rc7 27. Qb2 f6 28.
a4 Rec8 29. Bd4 e5 30. Be3 e4 31. Nd4 Ne5 32. Ne6 Re7 33. Nd4 Nd3 0-1

[Event "Druzynowe Mistrzostwa Polski Juniorow 2019 - II Liga"]
[Site "Szczyrk"]
[Date "1899-12-30"]
[Round "1.109"]
[White "Drozdzal, Michal"]
[Black "Kucharski, Bartlomiej"]
[Result "0-1"]
[WhiteTitle "II+"]
[BlackTitle "I++"]
[WhiteElo "1447"]
[BlackElo "1952"]

1. e4 c5 2. Nc3 Nc6 3. f4 g6 4. Nf3 Bg7 5. Bb5 Nd4 6. Bc4 e6 7. O-O Ne7 8. d3 O-O
9. Ne2 d5 10. Nexd4 dxc4 11. Ne2 cxd3 12. cxd3 b6 13. Qb3 Ba6 14. Rd1 Nc6 15.
Be3 Qd7 16. Rd2 Rfd8 17. Rad1 Rac8 18. a3 Na5 19. Qc2 Qb5 20. Nc1 c4 21. d4 c3
22. bxc3 Nc4 23. a4 Qc6 24. d5 Qe8 25. dxe6 Nxe3 26. exf7+ Kxf7 27. Ng5+ Kg8 28.
Qb1 Nxd1 29. Qb3+ Bc4 30. Qxd1 Bxc3 0-1

[Event "Druzynowe Mistrzostwa Polski Juniorow 2019 - II Liga"]
[Site "Szczyrk"]
[Date "1899-12-30"]
[Round "1.110"]
[White "Wolak, Kamil"]
[Black "Tomkiewicz, Jakub"]
[Result "1-0"]
[WhiteTitle "I"]
[BlackTitle "II"]
[WhiteElo "1619"]
[BlackElo "1270"]

1. e4 d5 2. e5 Bf5 3. Nf3 e6 4. d4 c5 5. Bb5+ Nd7 6. Be3 c4 7. c3 a6 8. Ba4 b5
9. Bc2 Bxc2 10. Qxc2 h6 11. O-O Ne7 12. a4 Nf5 13. Bd2 Be7 14. g4 Nh4 15. Nxh4
Bxh4 16. axb5 axb5 17. Na3 Rb8 18. f4 Be7 19. f5 Bxa3 20. Rxa3 Nf8 21. Be3 Ra8
22. Qf2 Rxa3 23. bxa3 Qd7 24. Rb1 Nh7 25. a4 O-O 26. axb5 Rb8 27. b6 Rb7 28. h4
Qd8 29. f6 Rxb6 30. Rf1 Qf8 31. fxg7 Qxg7 32. Bxh6 Qxg4+ 33. Kh2 Kh8 34. Rg1 Qh5
35. Qg3 Rb2+ 36. Kh1 Qg6 37. Qxg6 fxg6 38. Rxg6 Rb6 39. Kg2 Rb3 40. Rxe6 Kg8 41.
Rd6 Rxc3 42. Rg6+ Kh8 43. e6 Rb3 44. e7 Rb8 45. Rd6 Re8 46. Rd8 Nf6 47. Bg5 Rg8
48. Rxg8+ Kxg8 49. Bxf6 Kf7 50. Kf2 c3 51. Ke2 c2 52. Kd2 1-0

[Event "Druzynowe Mistrzostwa Polski Juniorow 2019 - II Liga"]
[Site "Szczyrk"]
[Date "1899-12-30"]
[Round "1.111"]
[White "Futyma, Dawid"]
[Black "Bartuzi, Krzysztof"]
[Result "0-1"]
[WhiteTitle "II"]
[BlackTitle "II+"]
[WhiteElo "1073"]
[BlackElo "1392"]

1. d4 f5 2. c4 g6 3. Nc3 Nf6 4. Nf3 Bg7 5. e3 O-O 6. Bd3 d6 7. O-O c6 8. Re1 d5
9. c5 b6 10. b4 Nbd7 11. a3 Qc7 12. h3 e5 13. cxb6 axb6 14. Bb2 e4 15. Bxe4 dxe4
16. Nd2 Ba6 17. Rc1 Qd6 18. Qb3+ Kh8 19. b5 cxb5 20. Nxb5 Bxb5 21. Qxb5 Rfc8 22.
Nc4 Qd5 23. Qb4 Bf8 24. Qb3 b5 25. Nd2 Qxb3 26. Nxb3 Rxc1 27. Rxc1 Bxa3 28. Ra1
b4 29. Nc5 Nb6 30. Bxa3 Rxa3 31. Rb1 Nfd5 32. Kf1 Na4 33. Ne6 Nac3 34. Rc1 b3
35. g3 b2 36. Re1 Ra1 37. Rxa1 bxa1=Q+ 38. Kg2 Ne2 39. Nf4 Qg1# 0-1

[Event "Druzynowe Mistrzostwa Polski Juniorow 2019 - II Liga"]
[Site "Szczyrk"]
[Date "1899-12-30"]
[Round "1.112"]
[White "Bartuzi, Michal"]
[Black "Tomkiewicz, Szymon"]
[Result "0-1"]
[WhiteTitle "II+"]
[BlackTitle "II"]
[WhiteElo "1193"]
[BlackElo "1092"]

1. d4 d5 2. c4 dxc4 3. Nc3 g6 4. e4 Bg7 5. Be3 e6 6. Bxc4 Nc6 7. Nge2 Nge7 8. Qd2
b6 9. O-O O-O 10. Rad1 Na5 11. b3 Nxc4 12. bxc4 Ba6 13. Qd3 Nc6 14. Na4 Qd7 15.
Qc2 Na5 16. Nb2 Qc6 17. Rc1 Bb7 18. f3 Qd7 19. Rfd1 Nc6 20. d5 Nb4 21. Qb3 a5
22. a3 Na6 23. Nd3 Rab8 24. Nef4 Bh6 25. Kf1 Qe7 26. Nxg6 fxg6 27. Bxh6 Rf7 28.
Bf4 Qh4 29. dxe6 Rxf4 30. Nxf4 Qxf4 31. Qb5 Bxe4 32. e7 Bd3+ 33. Kf2 Qd4+ 34.
Kg3 Qd6+ 35. Kf2 Qd4+ 36. Kg3 Qd6+ 37. f4 c6 38. Qg5 Nc5 39. Kh3 Qe6+ 40. f5 Bxf5+
41. g4 Bd3 42. Re1 Qf7 43. Qe3 Re8 44. Rcd1 Qxc4 45. Rd2 Qd5 46. Rf2 Be4 47. Qf4
Bf5 48. gxf5 Nd3 49. Qg3 Nxf2+ 50. Kh4 Qxf5 51. Qb3+ Qf7 52. Qe3 Qc4+ 53. Kg3
Qd3 54. Kxf2 Qxe3+ 0-1

[Event "Druzynowe Mistrzostwa Polski Juniorow 2019 - II Liga"]
[Site "Szczyrk"]
[Date "1899-12-30"]
[Round "1.113"]
[White "Mazurek, Maja"]
[Black "Mirowska, Oliwia"]
[Result "0-1"]
[WhiteTitle "I"]
[BlackTitle "I++"]
[WhiteElo "1294"]
[BlackElo "1735"]

1. d4 d5 2. c4 c6 3. Nc3 e6 4. Nf3 dxc4 5. a4 Bb4 6. Bg5 Nf6 7. e3 b5 8. Ne5 h6
9. Bf4 Nd5 10. Qd2 Qa5 11. Rc1 Bxc3 12. bxc3 Nxf4 13. exf4 Qxa4 14. Qb2 Qa5 15.
g3 Qc7 16. Bg2 Nd7 17. Bxc6 Rb8 18. Qb4 Rb6 19. Bxd7+ Bxd7 20. O-O Qd6 21. Qxd6
Rxd6 22. Ra1 a6 23. Rfb1 Ke7 24. f3 Rc8 25. Kf2 Be8 26. Ng4 f6 27. Ke3 Ra8 28.
Ra5 Rb6 29. Rb4 Bg6 30. Kd2 Kd6 31. h3 Rbb8 32. Kc1 Kc6 33. Kd2 Kb6 34. Ra1 a5
35. Rb2 Ra7 36. Ra3 Kc6 37. Kc1 Kd7 38. Raa2 Rb6 39. Ra3 Kc6 40. Raa2 Kb7 41.
Kd2 b4 42. Ra4 Be8 43. Ra1 Bc6 44. Nh2 Bd5 45. Ra4 bxc3+ 46. Kxc3 Rb3+ 47. Rxb3+
cxb3 48. Kb2 Kc6 49. Ra1 Kb5 50. Kc3 Rc7+ 51. Kb2 Rc2+ 52. Ka3 Rxh2 53. Rb1 Ra2#
0-1

[Event "Druzynowe Mistrzostwa Polski Juniorow 2019 - II Liga"]
[Site "Szczyrk"]
[Date "1899-12-30"]
[Round "1.114"]
[White "Hals, Emilia"]
[Black "Futyma, Klaudia"]
[Result "1-0"]
[WhiteTitle "I"]
[BlackTitle "II"]
[WhiteElo "1346"]
[BlackElo "1000"]

1. e4 c5 2. Nf3 d6 3. c3 Nf6 4. Bd3 Nc6 5. O-O e6 6. Bc2 Be7 7. d4 d5 8. exd5 exd5
9. dxc5 Bxc5 10. h3 O-O 11. Nbd2 Re8 12. Nb3 Bb6 13. Bg5 Qd6 14. Bxf6 Qxf6 15.
Qxd5 Be6 16. Qg5 Qxg5 17. Nxg5 h6 18. Nxe6 Rxe6 19. Rfe1 Rae8 20. Rxe6 Rxe6 21.
Kf1 g6 22. Rd1 Rf6 23. f3 Ne5 24. Nd2 g5 25. Ne4 Rc6 26. Ba4 Rc7 27. Bb5 a6 28.
Bd3 Kg7 29. Be2 Ba7 30. Rd5 Re7 31. b3 f6 32. Rd6 f5 33. Ng3 Rf7 34. Re6 Nc6 35.
Bxa6 bxa6 36. Rxc6 Rd7 37. Nxf5+ Kf8 38. Rd6 Rc7 39. Rd3 Kf7 40. Nxh6+ Kg6 41.
Ng4 Rc6 42. Ne5+ Kf5 43. Nxc6 Bb6 44. g3 a5 45. Nxa5 Bxa5 46. Rd5+ Kf6 47. Rxa5
Ke7 48. Rxg5 Kd7 49. Ke2 Ke7 50. Ke3 Kd7 51. Ke4 Ke7 52. Rg6 Kd7 53. Ke5 Ke7 54.
Rg7+ Kd8 55. Ke6 Ke8 56. Rg8# 1-0

[Event "Druzynowe Mistrzostwa Polski Juniorow 2019 - II Liga"]
[Site "Szczyrk"]
[Date "1899-12-30"]
[Round "1.115"]
[White "Mazurek, Bartosz"]
[Black "Michalowski, Patryk"]
[Result "0-1"]
[WhiteTitle "I"]
[BlackTitle "I"]
[WhiteElo "1857"]
[BlackElo "1674"]

1. d4 Nf6 2. Nf3 e6 3. c4 d5 4. Nc3 Nbd7 5. Bg5 Be7 6. e3 c6 7. cxd5 exd5 8. Bd3
Ne4 9. Bxe7 Qxe7 10. Qc2 Ndf6 11. h3 Bf5 12. O-O O-O 13. Ne5 Qe6 14. Kh2 h5 15.
Ne2 g5 16. f3 Nd6 17. g4 hxg4 18. hxg4 Bxd3 19. Qxd3 Kg7 20. Kg2 Rh8 21. Rh1 Nc4
22. Nxc4 dxc4 23. Qd2 Nxg4 24. fxg4 Qd5+ 25. e4 Qxe4+ 26. Kg3 Rxh1 27. Nc3 Qf4+
28. Qxf4 gxf4+ 0-1

[Event "Druzynowe Mistrzostwa Polski Juniorow 2019 - II Liga"]
[Site "Szczyrk"]
[Date "1899-12-30"]
[Round "1.116"]
[White "Twardowski, Jakub"]
[Black "Kebel, Bartosz"]
[Result "0-1"]
[WhiteTitle "III"]
[BlackTitle "II"]
[WhiteElo "1000"]
[BlackElo "1463"]

1. e4 c5 2. Bc4 Nc6 3. d3 Nf6 4. Nf3 e6 5. O-O Be7 6. Nc3 O-O 7. Be3 d5 8. exd5
exd5 9. Bb5 d4 10. Bd2 dxc3 11. Bxc3 Nd5 12. Bd2 Bf6 13. Rb1 Bg4 14. c4 Nc7 15.
Ba4 Nd4 16. Bc3 Nce6 17. b4 Bxf3 18. gxf3 Be5 19. f4 Nxf4 20. Qg4 Nfe2+ 21. Kh1
Nxc3 22. Bb3 Nxb1 23. Rxb1 Qf6 24. Rf1 Qf3+ 25. Qxf3 Nxf3 26. bxc5 Bd4 27. Bd1
Ne5 28. Re1 Nxd3 29. Rf1 Rfe8 30. Ba4 Re6 31. Kg2 Rg6+ 32. Kf3 Nxc5 33. Bc2 Rf6+
34. Ke2 Re8+ 35. Kd2 Rf3 36. Kd1 Bc3 37. Kc1 Re2 38. Kb1 Rfxf2 39. Rc1 Nd3 40.
Rd1 Rxc2 41. Rxd3 Rb2+ 42. Kc1 Bf6 43. a4 Ra2 44. Rb3 Rf1# 0-1

[Event "Druzynowe Mistrzostwa Polski Juniorow 2019 - II Liga"]
[Site "Szczyrk"]
[Date "1899-12-30"]
[Round "1.117"]
[White "Sleczka, Krzysztof"]
[Black "Paschke, Kajetan"]
[Result "1-0"]
[WhiteTitle "II"]
[BlackTitle "III"]
[WhiteElo "1191"]
[BlackElo "1000"]

1. e4 e5 2. Nf3 Nc6 3. Bb5 Nf6 4. O-O a6 5. Ba4 Bc5 6. c3 b5 7. Bc2 d6 8. h3 O-O
9. d4 Bb6 10. Bg5 Kh8 11. a4 bxa4 12. Bxa4 Bd7 13. Re1 Ne7 14. dxe5 Bxa4 15. Rxa4
h6 16. exf6 hxg5 17. fxe7 Qxe7 18. e5 Qd7 19. Nxg5 f6 20. Qh5+ Kg8 21. Qh7# 1-0

[Event "Druzynowe Mistrzostwa Polski Juniorow 2019 - II Liga"]
[Site "Szczyrk"]
[Date "1899-12-30"]
[Round "1.118"]
[White "Kisiel, Dominik"]
[Black "Uhryn, Mateusz"]
[Result "0-1"]
[WhiteTitle "II"]
[BlackTitle "II"]
[WhiteElo "1061"]
[BlackElo "1321"]

1. e4 c5 2. Nf3 Nc6 3. Bb5 g6 4. Nc3 Bg7 5. O-O a6 6. Bxc6 bxc6 7. d3 d6 8. Be3
Nf6 9. h3 O-O 10. Qd2 Be6 11. Rfd1 Rb8 12. Rab1 Ne8 13. d4 cxd4 14. Bxd4 Nf6 15.
e5 dxe5 16. Bxe5 Qxd2 17. Rxd2 Rbd8 18. Rbd1 Nd5 19. Nxd5 Bxd5 20. Bxg7 Kxg7 21.
Nh2 Rb8 22. b3 a5 23. c4 Be6 24. Rb2 Bxc4 25. Rc1 Bd5 26. Rc5 a4 27. Ra5 axb3
28. axb3 Bxb3 29. Nf3 Bd5 30. Rxb8 Rxb8 31. Ne5 Rc8 32. Ra7 c5 33. Rxe7 Kf6 34.
Nxg6 hxg6 35. Re1 c4 36. f4 c3 37. g4 c2 38. g5+ Kg7 39. Rc1 Be4 40. Kf2 Rb8 41.
Re1 Rb2 42. Rxe4 c1=Q+ 43. Kf3 Rb3+ 44. Kf2 Qc2+ 45. Re2 Qc5+ 46. Kg2 Re3 47.
Rf2 Qc4 48. f5 Qe4+ 49. Kh2 Re1 50. f6+ Kg8 51. Ra2 Rh1+ 52. Kg3 Rg1+ 53. Kh2
Qh1# 0-1

[Event "Druzynowe Mistrzostwa Polski Juniorow 2019 - II Liga"]
[Site "Szczyrk"]
[Date "1899-12-30"]
[Round "1.119"]
[White "Skiba, Aleksandra"]
[Black "Kicinska, Magdalena"]
[Result "1-0"]
[WhiteTitle "I++"]
[BlackTitle "I"]
[WhiteElo "1795"]
[BlackElo "1012"]

1. e4 c6 2. d4 d5 3. Nc3 dxe4 4. Nxe4 Bf5 5. Ng3 Bg6 6. h4 h6 7. Nf3 Nd7 8. h5
Bh7 9. Bd3 Bxd3 10. Qxd3 Ngf6 11. Bf4 e6 12. O-O-O Be7 13. Kb1 a5 14. Ne5 Nxe5
15. Bxe5 a4 16. a3 b5 17. Bxf6 Bxf6 18. Ne4 Be7 19. Qc3 Rc8 20. Nc5 Qd5 21. f4
Bf6 22. Qe3 O-O 23. g4 Ra8 24. c3 Rfb8 25. g5 hxg5 26. Ne4 Qf5 27. fxg5 Bxg5 28.
Qd3 Be7 29. Rdf1 Qh7 30. Qf3 Rf8 31. h6 g6 32. Nf6+ Bxf6 33. Qxf6 Rad8 34. Rf2
Rd5 35. Ka1 Rc8 36. Rg2 Rf5 37. Qe7 Qh8 38. Rxg6+ fxg6 39. h7+ Qxh7 40. Qxh7+
Kf8 41. Qh8+ Ke7 42. Qxc8 Rf7 43. Qc7+ Kf6 44. Rf1+ Kg7 45. Qxf7+ Kh6 46. Qf6
b4 47. Rh1# 1-0

[Event "Druzynowe Mistrzostwa Polski Juniorow 2019 - II Liga"]
[Site "Szczyrk"]
[Date "1899-12-30"]
[Round "1.120"]
[White "Kicinska, Anna"]
[Black "Luniewska, Daria"]
[Result "0-1"]
[WhiteTitle "I"]
[BlackTitle "II+"]
[WhiteElo "1000"]
[BlackElo "1335"]

1. Nf3 c5 2. d4 cxd4 3. Nxd4 g6 4. e4 Bg7 5. c3 Nc6 6. Nf3 Nf6 7. Bd3 O-O 8. Bf4
d5 9. exd5 Qxd5 10. O-O e5 11. c4 Qd6 12. Bg3 Nh5 13. Nc3 Nxg3 14. hxg3 Bg4 15.
Be2 Qe6 16. Ng5 Bxe2 17. Nxe6 Bxd1 18. Nxf8 Bg4 19. Nxh7 Kxh7 20. f3 Be6 21. b3
e4 22. Rac1 Bd4+ 23. Kh2 Kg7 24. g4 Rh8+ 25. Kg3 exf3 26. gxf3 Be3 27. Rcd1 Bg5
28. Ne4 Bh4+ 29. Kg2 Be7 30. Kg3 Bh4+ 31. Kg2 Bd8 32. Nc5 Bc8 33. Kg3 Bc7+ 34.
Kg2 Rh2+ 35. Kg1 b6 36. Ne4 Rxa2 37. Rf2 Ra3 38. b4 Nxb4 39. Kg2 Be6 40. Ng5 Bxc4
41. Rc1 Nd3 42. Rxc4 Bf4 43. Nh3 Nxf2 44. Nxf2 Be3 45. Ne4 Ra2+ 46. Kg3 Ra5 47.
f4 Bc5 48. g5 Ra3+ 49. Kg4 Ra5 50. Nf6 Ra1 51. Nd7 Re1 52. Nxc5 bxc5 53. Rxc5
Ra1 54. Kf3 a5 55. Kg3 a4 56. Ra5 a3 57. Kg2 a2 58. Kf2 Kf8 59. Ra8+ Ke7 60. Ra7+
Kd6 61. Ra5 Kc6 62. Ke2 Kb6 63. Ra8 Kb5 64. Kd2 Kb4 65. Kc2 Rf1 66. Rxa2 Rf2+
67. Kb1 Rxa2 68. Kxa2 Kc4 69. Kb2 Kd3 70. Kc1 Ke3 71. Kd1 Kxf4 72. Ke2 Kxg5 73.
Kf3 f5 74. Kg3 f4+ 75. Kf3 Kf5 76. Kf2 Ke4 77. Ke2 g5 78. Kf2 f3 79. Kf1 Ke3 80.
Ke1 g4 81. Kf1 f2 82. Kg2 Ke2 83. Kg3 f1=Q 84. Kxg4 Qf6 85. Kg3 Qf3+ 86. Kh2 Qg4
87. Kh1 Kf2 88. Kh2 Qg2# 0-1

[Event "Druzynowe Mistrzostwa Polski Juniorow 2019 - II Liga"]
[Site "Szczyrk"]
[Date "1899-12-30"]
[Round "2.1"]
[White "Pniaczek, Marek"]
[Black "Jarzebowski, Kacper"]
[Result "1-0"]
[WhiteTitle "CM"]
[BlackTitle "k"]
[WhiteElo "2276"]
[BlackElo "1987"]

1. e4 c5 2. Nf3 a6 3. c3 g6 4. d4 cxd4 5. cxd4 d5 6. Qa4+ Bd7 7. Qb3 Qc7 8. Nc3
dxe4 9. Nd5 Qd8 10. Qxb7 Bg7 11. Nc7+ Kf8 12. Ne5 Bxe5 13. dxe5 Bc6 14. Qb6 Nd7
15. Qxc6 Rc8 16. Ne6+ fxe6 17. Qxe4 Nc5 18. Qf3+ Kg7 19. Be2 Nh6 20. Bxh6+ Kxh6
21. O-O Qd4 22. Qg3 Rhf8 23. b3 a5 24. Rad1 Qb2 25. Bc4 Kg7 26. Rfe1 Qxa2 27.
Qh4 Qc2 28. Qxe7+ Rf7 29. Qh4 Rcf8 30. f3 h6 31. Rd6 Re8 32. h3 g5 33. Qf2 Qxf2+
34. Kxf2 Rb7 35. Re3 Rc7 36. h4 Kf7 37. hxg5 hxg5 38. Kg3 Kg6 39. Kg4 Kf7 40.
g3 Rg8 41. Re2 Re7 42. Rh2 Nd7 43. Bxe6+ Rxe6 44. Rxd7+ Kg6 45. f4 Rf8 46. fxg5
1-0

[Event "Druzynowe Mistrzostwa Polski Juniorow 2019 - II Liga"]
[Site "Szczyrk"]
[Date "1899-12-30"]
[Round "2.2"]
[White "Bujalski, Mateusz"]
[Black "Musial, Tomasz"]
[Result "1/2-1/2"]
[WhiteTitle "I"]
[BlackTitle "k"]
[WhiteElo "1734"]
[BlackElo "1856"]

1. e4 e6 2. d4 d5 3. e5 c5 4. c3 Nc6 5. Nf3 Bd7 6. Be2 Nge7 7. O-O cxd4 8. cxd4
Nf5 9. g4 Nh4 10. Nxh4 Qxh4 11. f4 h5 12. g5 f6 13. Be3 fxg5 14. fxg5 Be7 15.
Qd2 Rf8 16. Nc3 O-O-O 17. a3 Rxf1+ 18. Rxf1 Rf8 19. Rxf8+ Bxf8 20. Bf2 Qh3 21.
Qf4 Be7 22. Be3 Be8 23. Kf2 Bg6 24. Bf3 Nd8 25. Ne2 Nf7 26. Bg2 Qf5 27. Qxf5 Bxf5
28. h4 g6 29. Nf4 Kd7 30. Bh3 Bxh3 31. Nxh3 a5 32. Nf4 Nh8 33. Bd2 Bd8 34. b4
b6 35. bxa5 bxa5 1/2-1/2

[Event "Druzynowe Mistrzostwa Polski Juniorow 2019 - II Liga"]
[Site "Szczyrk"]
[Date "1899-12-30"]
[Round "2.3"]
[White "Wilk, Igor"]
[Black "Zdybel, Przemyslaw"]
[Result "0-1"]
[WhiteTitle "I"]
[BlackTitle "I"]
[WhiteElo "1689"]
[BlackElo "1710"]

1. e4 c5 2. Nf3 d6 3. d4 cxd4 4. Nxd4 Nf6 5. Nc3 a6 6. h4 e5 7. Nb3 Be7 8. Bg5
Be6 9. g3 Nbd7 10. Qd2 Qc7 11. Bg2 Rc8 12. O-O O-O 13. Rfd1 h6 14. Be3 Ng4 15.
Rac1 b5 16. f3 Nxe3 17. Qxe3 Nb6 18. Bf1 Nc4 19. Bxc4 bxc4 20. Nd2 d5 21. Qe2
d4 22. Nd5 Bxd5 23. exd5 f5 24. b3 c3 25. Nc4 e4 26. f4 Bc5 27. Kg2 Qb7 28. d6
Rfe8 29. Na5 Qa7 30. Qc4+ Kh8 31. Qd5 Qd7 32. Nc4 Qe6 33. Qb7 Rb8 34. Qxa6 Qd5
35. Ne3 Qe6 36. Qc4 Ba3 37. Qxd4 Bxc1 38. Rxc1 Red8 39. Rd1 Ra8 40. a4 Ra6 41.
Nc4 Qg6 42. d7 Qh5 43. Rf1 Re6 44. Ne5 e3 45. Qxe3 Rxd7 46. Qxc3 Rd8 47. Qc4 Qe8
48. c3 Rd2+ 49. Rf2 Qa8+ 50. Kg1 Qa7 51. Qf1 Qe3 52. Kg2 Qxc3 53. Rxd2 Qxd2+ 54.
Kh3 Kh7 55. Qc4 Qd1 56. Kg2 Rd6 57. Nf3 Rd3 58. Qc6 Qe2+ 59. Kh3 Qf1+ 60. Kh2
Qf2+ 0-1

[Event "Druzynowe Mistrzostwa Polski Juniorow 2019 - II Liga"]
[Site "Szczyrk"]
[Date "1899-12-30"]
[Round "2.4"]
[White "Wieckowski, Michal"]
[Black "Bartoszczuk, Adam"]
[Result "0-1"]
[WhiteTitle "II+"]
[BlackTitle "II+"]
[WhiteElo "1383"]
[BlackElo "1293"]

1. e4 c5 2. Nc3 e6 3. f4 a6 4. a4 Qc7 5. d3 d6 6. Nf3 Nd7 7. Be2 Ngf6 8. O-O Be7
9. Qe1 O-O 10. Qg3 Kh8 11. e5 Ne8 12. Ne4 d5 13. Nc3 b6 14. f5 d4 15. fxe6 dxc3
16. exd7 Bxd7 17. bxc3 f6 18. Bf4 fxe5 19. Bxe5 Bd6 20. Bxd6 Qxd6 21. Qxd6 Nxd6
22. a5 b5 23. Ne5 Be6 24. Bf3 Rac8 25. Rae1 c4 26. Ng6+ hxg6 27. Rxe6 Nf5 28.
d4 b4 29. Bb7 Rb8 30. Bxa6 b3 31. Rb6 bxc2 32. Re6 Rb1 33. Ree1 Rxe1 34. Rxe1
Ne3 35. Bxc4 Nxc4 36. a6 Ra8 37. Rc1 Na3 38. Kf2 Rxa6 39. Ke3 Rb6 40. Kd3 Rb1
41. Rxc2 Nxc2 42. Kxc2 Rb8 43. c4 Kg8 44. Kc3 Kf7 45. c5 Ke7 46. d5 Rc8 47. Kd4
Kd7 48. h3 Ra8 49. Ke5 Re8+ 50. Kf4 Re2 51. g4 Rh2 52. Kg5 Rxh3 53. Kxg6 Rg3 54.
g5 Rd3 55. Kxg7 Rxd5 56. g6 Rxc5 57. Kf7 Rf5+ 58. Kg8 Ke7 59. g7 Rg5 60. Kh7 Kf7
61. Kh8 Rh5# 0-1

[Event "Druzynowe Mistrzostwa Polski Juniorow 2019 - II Liga"]
[Site "Szczyrk"]
[Date "1899-12-30"]
[Round "2.5"]
[White "Pyzio, Amelia"]
[Black "Wolszczak, Natalia"]
[Result "1-0"]
[WhiteTitle "I++"]
[BlackTitle "I"]
[WhiteElo "1616"]
[BlackElo "1217"]

1. e4 c5 2. Nf3 d6 3. d4 cxd4 4. Nxd4 Nf6 5. f3 e5 6. Bb5+ Nbd7 7. Nf5 a6 8. Ba4
b5 9. Bb3 Nb6 10. Ne3 Be7 11. Nc3 Be6 12. O-O O-O 13. Qd3 Rc8 14. a4 b4 15. Ncd5
a5 16. Nxe7+ Qxe7 17. Rd1 Rfd8 18. Kh1 d5 19. Qb5 Qc5 20. exd5 Nfxd5 21. Nxd5
Bxd5 22. Qxc5 Rxc5 23. Be3 Rc6 24. Bxb6 Rxb6 25. Rxd5 Rxd5 26. Bxd5 Rd6 27. Bb3
Kf8 28. Kg1 Rd2 29. Kf1 f6 30. Re1 g6 31. Re4 Kg7 32. Rc4 Rd7 33. Rc5 Ra7 34.
Rd5 h5 35. Bc4 Kh6 36. Bb5 Kg5 37. g3 Kh6 38. Ke2 Rc7 39. Kd3 Re7 40. c4 Rc7 41.
c5 g5 42. c6 Kg6 43. Rd7 Rc8 44. c7 Kf5 45. Ba6 Rxc7 46. Rxc7 Ke6 47. Rc6+ Kd7
48. Rxf6 1-0

[Event "Druzynowe Mistrzostwa Polski Juniorow 2019 - II Liga"]
[Site "Szczyrk"]
[Date "1899-12-30"]
[Round "2.6"]
[White "Czarkowska, Dalia"]
[Black "Straczek, Wiktoria"]
[Result "1-0"]
[WhiteTitle "II+"]
[BlackTitle "I"]
[WhiteElo "1000"]
[BlackElo "1316"]

1. e4 c5 2. Nf3 Nc6 3. d4 cxd4 4. Nxd4 g6 5. Be3 Nf6 6. Nc3 Bg7 7. Bc4 Qa5 8. O-O
O-O 9. f4 d6 10. f5 Kh8 11. Qd2 Ng4 12. Nxc6 bxc6 13. Bg5 Qc5+ 14. Kh1 Qxc4 15.
Bxe7 Re8 16. Qxd6 Be5 17. Qd2 Ba6 18. Bg5 Qc5 19. Rf3 Bd4 20. h3 Nf2+ 21. Kh2
Nxe4 22. Nxe4 Rxe4 23. f6 Rd8 24. Qc1 Be2 25. Rb3 Be5+ 26. Kh1 Rd1+ 27. Qxd1 Bxd1
28. Rxd1 Bc7 29. Rb8+ Bxb8 30. Rd6 1-0

[Event "Druzynowe Mistrzostwa Polski Juniorow 2019 - II Liga"]
[Site "Szczyrk"]
[Date "1899-12-30"]
[Round "2.7"]
[White "Lewandowski, Wiktor"]
[Black "Krawczyk, Wojciech"]
[Result "1-0"]
[WhiteTitle "II+"]
[BlackTitle "I"]
[WhiteElo "1749"]
[BlackElo "1780"]

1. e4 d6 2. d4 Nf6 3. Nc3 g6 4. Be2 Bg7 5. h4 h5 6. Nf3 c6 7. Ng5 Nbd7 8. f3 Qb6
9. Bc4 e6 10. Bb3 Nh7 11. Ne2 Nxg5 12. Bxg5 a5 13. c3 d5 14. O-O O-O 15. Kh1 f6
16. Bf4 Kh7 17. Rb1 Qd8 18. Bc2 b6 19. exd5 exd5 20. g4 f5 21. Rf2 fxg4 22. Qd3
Qf6 23. Bg5 Ba6 24. Qd2 Qd6 25. Nf4 Kg8 26. fxg4 hxg4 27. Nxg6 Rxf2 28. Qxf2 g3
29. Qf5 Re8 30. Nf4 Nf8 31. Rg1 Bc8 32. Qd3 g2+ 33. Kxg2 Qd7 34. Kh2 Qd6 35. Kh1
Re4 36. Qg3 Bf5 37. Bxe4 Bxe4+ 38. Kh2 Nh7 39. Nh5 Qg6 40. Nxg7 Kxg7 41. Qe5+
Kf7 42. Qe7+ 1-0

[Event "Druzynowe Mistrzostwa Polski Juniorow 2019 - II Liga"]
[Site "Szczyrk"]
[Date "1899-12-30"]
[Round "2.8"]
[White "Wrona, Florian"]
[Black "Kejna, Piotr"]
[Result "0-1"]
[WhiteTitle "I"]
[BlackTitle "CM"]
[WhiteElo "1567"]
[BlackElo "1726"]

1. e4 c5 2. Nf3 d6 3. d4 cxd4 4. Nxd4 Nf6 5. Nc3 g6 6. Be3 Bg7 7. f3 Nc6 8. Qd2
O-O 9. Bc4 Rb8 10. O-O-O Bd7 11. Kb1 Na5 12. Bb3 b5 13. Nd5 Nxd5 14. Bxd5 Nc4
15. Qd3 Nxe3 16. Qxe3 Qb6 17. c3 b4 18. cxb4 Qxb4 19. b3 Rfc8 20. Qd2 Qxd2 21.
Rxd2 e6 22. Bc4 Rxc4 23. Rhd1 Rxd4 24. Rxd4 Bxd4 25. Rxd4 Rb6 26. Kb2 Kf8 27.
a4 Ke7 28. Ka3 a5 29. f4 Rc6 30. Rd2 Rc3 31. Re2 Bc6 32. g3 f5 33. e5 Bd5 34.
exd6+ Kxd6 35. Rb2 Kc5 36. Rb1 Kd4 37. Rd1+ Rd3 38. Rb1 Kc3 39. Rb2 Rd2 40. Rb1
Rxh2 41. g4 Rh3 42. gxf5 gxf5 43. Rb2 Kd4 44. Rd2+ Rd3 45. Rb2 Rxb3+ 46. Rxb3
Bxb3 0-1